Modern theories of organic chemistry, (Record no. 7145)
[ view plain ]
| 000 -LEADER | |
|---|---|
| fixed length control field | 00822cam a22002771 4500 |
| 001 - CONTROL NUMBER | |
| control field | 7853636 |
| 003 - CONTROL NUMBER IDENTIFIER | |
| control field | OSt |
| 005 - DATE AND TIME OF LATEST TRANSACTION | |
| control field | 20210907104614.0 |
| 008 - FIXED-LENGTH DATA ELEMENTS--GENERAL INFORMATION | |
| fixed length control field | 730723s1941 enka 000 0 eng c |
| 010 ## - LIBRARY OF CONGRESS CONTROL NUMBER | |
| LC control number | a 42003621 |
| 035 ## - SYSTEM CONTROL NUMBER | |
| System control number | (OCoLC)660870 |
| 040 ## - CATALOGING SOURCE | |
| Original cataloging agency | Harvard Univ. Library |
| Transcribing agency | DDC |
| Modifying agency | OCoLC |
| -- | DLC |
| 042 ## - AUTHENTICATION CODE | |
| Authentication code | premarc |
| 050 00 - LIBRARY OF CONGRESS CALL NUMBER | |
| Classification number | QD251 |
| Item number | .W36 1941 |
| 082 ## - DEWEY DECIMAL CLASSIFICATION NUMBER | |
| Classification number | 547.WAT1941 |
| 100 1# - MAIN ENTRY--PERSONAL NAME | |
| Personal name | Watson, H. B. |
| Fuller form of name | (Herbert Ben) |
| 9 (RLIN) | 14711 |
| 245 10 - TITLE STATEMENT | |
| Title | Modern theories of organic chemistry, |
| Statement of responsibility, etc. | Edited by Watson H.B. |
| 250 ## - EDITION STATEMENT | |
| Edition statement | 2d ed. |
| 260 ## - PUBLICATION, DISTRIBUTION, ETC. (IMPRINT) | |
| Place of publication, distribution, etc. | Oxford, |
| Name of publisher, distributor, etc. | The Clarendon Press, |
| Date of publication, distribution, etc. | 1941. |
| 300 ## - PHYSICAL DESCRIPTION | |
| Extent | vii,267p |
| Other physical details | diagrams |
| Dimensions | 25 cm. |
| 500 ## - GENERAL NOTE | |
| General note | "First edition 1937. Reprinted 1940." |
| 504 ## - BIBLIOGRAPHY, ETC. NOTE | |
| Bibliography, etc | Includes; index |
| 650 #0 - SUBJECT ADDED ENTRY--TOPICAL TERM | |
| Topical term or geographic name as entry element | Chemical |
| 9 (RLIN) | 14713 |
| 906 ## - LOCAL DATA ELEMENT F, LDF (RLIN) | |
| a | 7 |
| b | cbc |
| c | oclcrpl |
| d | u |
| e | ncip |
| f | 19 |
| g | y-gencatlg |
| 942 ## - ADDED ENTRY ELEMENTS (KOHA) | |
| Source of classification or shelving scheme | Dewey Decimal Classification |
| Koha item type | Open Shelf |
No items available.
